000 00623nam a22002177a 4500
005 20170124105932.0
010 _aA-835030
020 _c00.00
035 _aA-835030
037 _bCen Lib/Ret
040 _aDPL
_bEN
082 _a338.5
_bJAN
100 _aJangir, G. C.
_98428
245 _aEconomic systems and microeconomic theory /
_cby G. C. Jangir
260 _aDelhi
_bKhosla Publishing House
_c1980
270 _aBungaloe Road
_bDelhi
_e110007
300 _aviii,272p.
_c21cm(Hb)
650 _aMacroeconomics
_970006
650 _aEconomic development
_91481
942 _2ddc
_cEN
_h338.5
_mJAN
999 _c123897
_d123897